[Event "Blitz 2018"]
[Site "Saint-Petersburg"]
[Date "2018.12.29"]
[Round "5"]
[Board "62"]
[White "Sharma Dinesh K. (IND)"]
[Black "Goganov Aleksey (RUS)"]
[Result "1/2-1/2"]
[LiveChessVersion "1.4.8"]
[BlackElo "2539"]
[WhiteElo "2383"]

1. Nf3 {[%clk 0:03:03]} d5 {[%clk 0:03:03]} 2. d4 {[%clk 0:03:04]} Nf6
{[%clk 0:03:04]} 3. c4 {[%clk 0:03:05]} c6 {[%clk 0:03:05]} 4. e3
{[%clk 0:03:06]} Bg4 {[%clk 0:03:06]} 5. h3 {[%clk 0:02:57]} Bh5 {[%clk 0:03:06]}
6. cxd5 {[%clk 0:02:57]} Bxf3 {[%clk 0:03:06]} 7. Qxf3 {[%clk 0:02:57]} cxd5
{[%clk 0:03:06]} 8. Nc3 {[%clk 0:02:58]} Nc6 {[%clk 0:03:07]} 9. Bd3
{[%clk 0:02:56]} e6 {[%clk 0:03:08]} 10. O-O {[%clk 0:02:56]} Be7
{[%clk 0:02:55]} 11. Bd2 {[%clk 0:02:53]} O-O {[%clk 0:02:55]} 12. Rac1
{[%clk 0:02:53]} Ne8 {[%clk 0:02:47]} 13. Rfd1 {[%clk 0:02:48]} Nd6
{[%clk 0:02:47]} 14. Be1 {[%clk 0:02:25]} Rc8 {[%clk 0:02:48]} 15. Nb5
{[%clk 0:02:15]} a6 {[%clk 0:02:42]} 16. Nxd6 {[%clk 0:02:15]} Bxd6
{[%clk 0:02:42]} 17. Rc2 {[%clk 0:01:59]} Nb4 {[%clk 0:02:16]} 18. Bxb4
{[%clk 0:01:51]} Bxb4 {[%clk 0:02:17]} 19. Rxc8 {[%clk 0:01:36]} Qxc8
{[%clk 0:02:18]} 20. e4 {[%clk 0:01:37]} Qd7 {[%clk 0:01:58]} 21. exd5
{[%clk 0:01:18]} exd5 {[%clk 0:01:41]} 22. Rc1 {[%clk 0:00:54]} Rd8
{[%clk 0:01:33]} 23. Qf5 {[%clk 0:00:43]} g6 {[%clk 0:01:26]} 24. Qxd7
{[%clk 0:00:30]} Rxd7 {[%clk 0:01:26]} 25. Kf1 {[%clk 0:00:29]} Be7
{[%clk 0:01:27]} 26. Be2 {[%clk 0:00:25]} Bf6 {[%clk 0:01:28]} 27. Rd1
{[%clk 0:00:25]} Rc7 {[%clk 0:01:28]} 28. Bf3 {[%clk 0:00:26]} Rc2
{[%clk 0:01:28]} 29. Bxd5 {[%clk 0:00:25]} Rxb2 {[%clk 0:01:28]} 30. Ke1
{[%clk 0:00:25]} Be7 {[%clk 0:01:29]} 31. Kf1 {[%clk 0:00:23]} b5
{[%clk 0:01:28]} 32. Rc1 {[%clk 0:00:20]} Rd2 {[%clk 0:01:12]} 33. Rc8+
{[%clk 0:00:19]} Kg7 {[%clk 0:01:13]} 34. Rc7 {[%clk 0:00:20]} Rxd4
{[%clk 0:01:14]} 35. Bb3 {[%clk 0:00:20]} Kf8 {[%clk 0:01:05]} 36. Rc8+
{[%clk 0:00:20]} Bd8 {[%clk 0:01:05]} 37. Ra8 {[%clk 0:00:20]} a5
{[%clk 0:00:56]} 38. Ra7 {[%clk 0:00:21]} a4 {[%clk 0:00:39]} 39. Bxf7
{[%clk 0:00:21]} Rf4 {[%clk 0:00:38]} 40. Be6 {[%clk 0:00:20]} Bb6
{[%clk 0:00:36]} 41. Rb7 {[%clk 0:00:18]} Bxf2 {[%clk 0:00:29]} 42. Rxb5
{[%clk 0:00:18]} Bg3+ {[%clk 0:00:23]} 43. Ke2 {[%clk 0:00:16]} Re4+
{[%clk 0:00:22]} 44. Kf3 {[%clk 0:00:17]} Rxe6 {[%clk 0:00:23]} 45. Kxg3
{[%clk 0:00:18]} Re2 {[%clk 0:00:24]} 46. Rb7 {[%clk 0:00:15]} Kg8
{[%clk 0:00:24]} 47. Ra7 {[%clk 0:00:12]} Rxa2 {[%clk 0:00:25]} 48. h4
{[%clk 0:00:13]} a3 {[%clk 0:00:25]} 49. Kh3 {[%clk 0:00:12]} h6 {[%clk 0:00:24]}
50. Kh2 {[%clk 0:00:13]} Ra1 {[%clk 0:00:24]} 51. Kh3 {[%clk 0:00:13]} Kf8
{[%clk 0:00:26]} 52. Kh2 {[%clk 0:00:12]} Ke8 {[%clk 0:00:26]} 53. Kg3
{[%clk 0:00:10]} Kd8 {[%clk 0:00:21]} 54. Ra6 {[%clk 0:00:11]} a2
{[%clk 0:00:18]} 55. Kh2 {[%clk 0:00:12]} Kc8 {[%clk 0:00:20]} 56. Ra5
{[%clk 0:00:13]} Kb7 {[%clk 0:00:21]} 57. Ra4 {[%clk 0:00:15]} Kb6
{[%clk 0:00:22]} 58. Ra8 {[%clk 0:00:16]} Kc5 {[%clk 0:00:24]} 59. Rc8+
{[%clk 0:00:16]} Kd5 {[%clk 0:00:25]} 60. Ra8 {[%clk 0:00:17]} Ke5
{[%clk 0:00:26]} 61. Kg3 {[%clk 0:00:17]} Kf5 {[%clk 0:00:26]} 62. Ra5+
{[%clk 0:00:18]} Ke4 {[%clk 0:00:28]} 63. Ra4+ {[%clk 0:00:19]} Ke3
{[%clk 0:00:29]} 64. Ra3+ {[%clk 0:00:19]} Ke2 {[%clk 0:00:30]} 65. Ra8
{[%clk 0:00:20]} Kf1 {[%clk 0:00:26]} 66. Kh2 {[%clk 0:00:20]} h5
{[%clk 0:00:21]} 67. Rf8+ {[%clk 0:00:21]} Ke2 {[%clk 0:00:22]} 68. Ra8
{[%clk 0:00:21]} Ke3 {[%clk 0:00:23]} 69. Kg3 {[%clk 0:00:22]} Kd3
{[%clk 0:00:24]} 1/2-1/2

[Event "Blitz 2018"]
[Site "Saint-Petersburg"]
[Date "2018.12.29"]
[Round "5"]
[Board "63"]
[White "Kabanov Nikolai (RUS)"]
[Black "Maslak Konstantin (RUS)"]
[Result "1-0"]
[LiveChessVersion "1.4.8"]
[BlackElo "2537"]
[WhiteElo "2311"]

1. e4 {[%clk 0:03:03]} e6 {[%clk 0:03:02]} 2. d4 {[%clk 0:03:03]} d5
{[%clk 0:03:03]} 3. Bd3 {[%clk 0:03:04]} dxe4 {[%clk 0:02:53]} 4. Bxe4
{[%clk 0:03:05]} Nf6 {[%clk 0:02:54]} 5. Bf3 {[%clk 0:03:06]} Be7
{[%clk 0:02:38]} 6. Ne2 {[%clk 0:03:05]} O-O {[%clk 0:02:34]} 7. O-O
{[%clk 0:03:05]} Nbd7 {[%clk 0:02:27]} 8. Bf4 {[%clk 0:02:56]} c5
{[%clk 0:01:51]} 9. c3 {[%clk 0:02:46]} Qb6 {[%clk 0:01:20]} 10. Nd2
{[%clk 0:02:25]} cxd4 {[%clk 0:01:13]} 11. Nc4 {[%clk 0:02:02]} Qa6
{[%clk 0:00:47]} 12. Qxd4 {[%clk 0:01:48]} Bc5 {[%clk 0:00:21]} 13. Qd3
{[%clk 0:01:45]} Nb6 {[%clk 0:00:17]} 14. Ne5 {[%clk 0:01:36]} Qxd3
{[%clk 0:00:17]} 15. Nxd3 {[%clk 0:01:37]} Be7 {[%clk 0:00:18]} 16. Bg3
{[%clk 0:01:23]} Nfd5 {[%clk 0:00:10]} 17. Nef4 {[%clk 0:01:17]} Nxf4
{[%clk 0:00:09]} 18. Nxf4 {[%clk 0:01:17]} Rd8 {[%clk 0:00:06]} 19. Rfd1
{[%clk 0:01:17]} Kf8 {[%clk 0:00:05]} 20. b3 {[%clk 0:01:11]} h6 {[%clk 0:00:05]}
21. c4 {[%clk 0:01:11]} Nd7 {[%clk 0:00:05]} 22. Nd3 {[%clk 0:01:09]} Ke8
{[%clk 0:00:06]} 23. Bc7 {[%clk 0:01:08]} a5 {[%clk 0:00:06]} 24. Bxd8
{[%clk 0:01:06]} Bxd8 {[%clk 0:00:07]} 25. c5 {[%clk 0:01:02]} Ra6
{[%clk 0:00:06]} 26. Rac1 {[%clk 0:01:03]} Bg5 {[%clk 0:00:05]} 27. Rc2
{[%clk 0:01:03]} Nb8 {[%clk 0:00:06]} 28. Ne5 {[%clk 0:00:59]} Bf4
{[%clk 0:00:06]} 29. Nc4 {[%clk 0:00:58]} Ke7 {[%clk 0:00:04]} 30. Nb6
{[%clk 0:00:57]} 1-0

[Event "Blitz 2018"]
[Site "Saint-Petersburg"]
[Date "2018.12.29"]
[Round "5"]
[Board "64"]
[White "Ragger Markus (AUT)"]
[Black "Vishnu Prasanna. V (IND)"]
[Result "1-0"]
[LiveChessVersion "1.4.8"]
[BlackElo "2519"]
[WhiteElo "2677"]

1. e4 {[%clk 0:03:03]} c5 {[%clk 0:03:02]} 2. Nf3 {[%clk 0:03:04]} d6
{[%clk 0:03:03]} 3. d4 {[%clk 0:03:05]} cxd4 4. Nxd4 {[%clk 0:03:06]} Nf6
{[%clk 0:03:04]} 5. Nc3 {[%clk 0:03:07]} Nc6 {[%clk 0:03:04]} 6. g3
{[%clk 0:03:08]} g6 {[%clk 0:02:53]} 7. Nxc6 {[%clk 0:03:08]} bxc6
{[%clk 0:02:54]} 8. Bg2 {[%clk 0:03:10]} Qc7 {[%clk 0:02:42]} 9. b3
{[%clk 0:03:10]} Bg7 {[%clk 0:02:42]} 10. Bb2 {[%clk 0:03:11]} O-O
{[%clk 0:02:42]} 11. O-O {[%clk 0:03:11]} e5 {[%clk 0:02:35]} 12. Qd2
{[%clk 0:03:07]} Bb7 {[%clk 0:02:28]} 13. Rad1 {[%clk 0:03:05]} Rfd8
{[%clk 0:02:13]} 14. Na4 {[%clk 0:02:50]} Bf8 {[%clk 0:02:00]} 15. f4
{[%clk 0:02:37]} Nd7 {[%clk 0:01:46]} 16. c4 {[%clk 0:02:35]} Bg7
{[%clk 0:01:45]} 17. Qxd6 {[%clk 0:02:28]} Qxd6 {[%clk 0:01:08]} 18. Rxd6
{[%clk 0:02:29]} Bf8 {[%clk 0:01:07]} 19. Rdd1 {[%clk 0:02:17]} exf4
{[%clk 0:01:05]} 20. gxf4 {[%clk 0:02:16]} Nc5 {[%clk 0:01:03]} 21. Nxc5
{[%clk 0:02:11]} Bxc5+ {[%clk 0:01:04]} 22. Kh1 {[%clk 0:02:13]} Be3
{[%clk 0:00:58]} 23. f5 {[%clk 0:01:46]} c5 {[%clk 0:00:57]} 24. Bf6
{[%clk 0:01:46]} Re8 {[%clk 0:00:55]} 25. Rfe1 {[%clk 0:01:21]} Bxe4
{[%clk 0:00:46]} 26. fxg6 {[%clk 0:01:14]} hxg6 {[%clk 0:00:39]} 27. Rd7
{[%clk 0:00:50]} Bxg2+ {[%clk 0:00:37]} 28. Kxg2 {[%clk 0:00:51]} Re6
{[%clk 0:00:38]} 29. Bc3 {[%clk 0:00:45]} g5 {[%clk 0:00:19]} 30. Kf3
{[%clk 0:00:45]} Rae8 {[%clk 0:00:19]} 31. Rxa7 {[%clk 0:00:44]} Re4
{[%clk 0:00:15]} 32. Rd7 {[%clk 0:00:28]} Rf4+ {[%clk 0:00:09]} 33. Kg2
{[%clk 0:00:29]} Rf2+ {[%clk 0:00:06]} 34. Kg3 {[%clk 0:00:31]} Rxa2
{[%clk 0:00:06]} 35. Rf1 {[%clk 0:00:18]} Bf4+ {[%clk 0:00:06]} 36. Kf3
{[%clk 0:00:18]} Kh7 {[%clk 0:00:04]} 37. Rd3 {[%clk 0:00:18]} Kg6
{[%clk 0:00:05]} 38. h4 {[%clk 0:00:19]} Rh2 {[%clk 0:00:04]} 39. hxg5
{[%clk 0:00:20]} Rh3+ {[%clk 0:00:05]} 40. Kxf4 {[%clk 0:00:21]} Rxd3
{[%clk 0:00:06]} 41. Bf6 {[%clk 0:00:22]} Rxb3 {[%clk 0:00:06]} 42. Rh1
{[%clk 0:00:24]} Re4+ {[%clk 0:00:03]} 43. Kxe4 {[%clk 0:00:23]} Re3+
{[%clk 0:00:04]} 44. Kxe3 {[%clk 0:00:25]} 1-0

[Event "Blitz 2018"]
[Site "Saint-Petersburg"]
[Date "2018.12.29"]
[Round "5"]
[Board "65"]
[White "Tregubov Pavel V. (RUS)"]
[Black "Zvjaginsev Vadim (RUS)"]
[Result "0-1"]
[LiveChessVersion "1.4.8"]
[BlackElo "2649"]
[WhiteElo "2516"]

1. d4 {[%clk 0:03:03]} Nf6 {[%clk 0:03:03]} 2. c4 {[%clk 0:03:04]} d6
{[%clk 0:03:04]} 3. Nf3 {[%clk 0:03:04]} g6 {[%clk 0:03:04]} 4. g3
{[%clk 0:03:05]} Bg7 {[%clk 0:03:05]} 5. Bg2 {[%clk 0:03:06]} Bf5
{[%clk 0:03:06]} 6. O-O {[%clk 0:03:02]} O-O {[%clk 0:03:06]} 7. b3
{[%clk 0:02:37]} Qc8 {[%clk 0:02:42]} 8. Re1 {[%clk 0:02:17]} e5 {[%clk 0:02:38]}
9. Nc3 {[%clk 0:02:00]} Nc6 {[%clk 0:02:27]} 10. dxe5 {[%clk 0:01:21]} dxe5
{[%clk 0:02:24]} 11. e4 {[%clk 0:01:13]} Bg4 {[%clk 0:02:18]} 12. Nd5
{[%clk 0:01:03]} Re8 {[%clk 0:02:16]} 13. Bb2 {[%clk 0:01:02]} Nd7
{[%clk 0:02:06]} 14. Qe2 {[%clk 0:00:39]} Nd4 {[%clk 0:01:57]} 15. Bxd4
{[%clk 0:00:40]} exd4 {[%clk 0:01:58]} 16. Qd2 {[%clk 0:00:31]} c6
{[%clk 0:01:36]} 17. Nb4 {[%clk 0:00:30]} Nc5 {[%clk 0:01:29]} 18. Nh4
{[%clk 0:00:17]} d3 {[%clk 0:01:22]} 19. Rac1 {[%clk 0:00:17]} Rd8
{[%clk 0:01:19]} 20. f3 {[%clk 0:00:14]} Be6 {[%clk 0:01:09]} 21. Nd5
{[%clk 0:00:12]} cxd5 {[%clk 0:00:38]} 22. cxd5 {[%clk 0:00:14]} a5
{[%clk 0:00:39]} 23. dxe6 {[%clk 0:00:14]} Qxe6 {[%clk 0:00:38]} 24. Kh1
{[%clk 0:00:13]} b6 {[%clk 0:00:38]} 25. f4 {[%clk 0:00:13]} Rac8
{[%clk 0:00:36]} 26. e5 {[%clk 0:00:13]} Bf8 {[%clk 0:00:34]} 27. Nf3
{[%clk 0:00:14]} Be7 {[%clk 0:00:33]} 28. Re3 {[%clk 0:00:11]} Rd7
{[%clk 0:00:30]} 29. h4 {[%clk 0:00:07]} Rdd8 {[%clk 0:00:29]} 30. Kh2
{[%clk 0:00:08]} Rb8 {[%clk 0:00:28]} 31. Ne1 {[%clk 0:00:05]} Qf5
{[%clk 0:00:20]} 32. Bh3 {[%clk 0:00:05]} Qh5 {[%clk 0:00:18]} 33. Bf1
{[%clk 0:00:04]} Bxh4 {[%clk 0:00:16]} 34. gxh4 {[%clk 0:00:04]} Qxh4+
{[%clk 0:00:14]} 35. Rh3 {[%clk 0:00:05]} Qg4 {[%clk 0:00:16]} 36. Bg2
{[%clk 0:00:04]} Rd4 {[%clk 0:00:14]} 37. Rf3 {[%clk 0:00:03]} Ne4
{[%clk 0:00:14]} 38. Qe3 {[%clk 0:00:04]} d2 {[%clk 0:00:14]} 39. Rd1
{[%clk 0:00:03]} dxe1=Q {[%clk 0:00:09]} 40. Rxe1 {[%clk 0:00:04]} Rbd8
{[%clk 0:00:09]} 41. Re2 {[%clk 0:00:05]} Nd2 {[%clk 0:00:09]} 42. Rg3
{[%clk 0:00:05]} Qh4+ {[%clk 0:00:09]} 43. Rh3 {[%clk 0:00:06]} Qg4
{[%clk 0:00:11]} 44. Rg3 {[%clk 0:00:07]} Qf5 {[%clk 0:00:12]} 45. Bh3
{[%clk 0:00:06]} Qb1 {[%clk 0:00:12]} 46. Bg2 {[%clk 0:00:06]} Nf1+
{[%clk 0:00:13]} 47. Bxf1 {[%clk 0:00:06]} Qxf1 {[%clk 0:00:14]} 48. Rg1
{[%clk 0:00:07]} Qxf4+ {[%clk 0:00:15]} 49. Qxf4 {[%clk 0:00:08]} Rxf4
{[%clk 0:00:16]} 50. e6 {[%clk 0:00:10]} fxe6 51. Rxe6 Rd5 {[%clk 0:00:18]} 52.
Rg3 {[%clk 0:00:12]} Rf7 {[%clk 0:00:17]} 53. Rxb6 {[%clk 0:00:12]} Kg7
{[%clk 0:00:18]} 54. Kg2 {[%clk 0:00:13]} Rc7 {[%clk 0:00:18]} 55. a4
{[%clk 0:00:13]} Rf5 {[%clk 0:00:18]} 56. Re3 {[%clk 0:00:13]} Rd7
{[%clk 0:00:11]} 57. Kg3 {[%clk 0:00:13]} Rfd5 {[%clk 0:00:13]} 58. Kf3
{[%clk 0:00:12]} h5 {[%clk 0:00:08]} 59. b4 {[%clk 0:00:14]} axb4
{[%clk 0:00:07]} 60. Rxb4 {[%clk 0:00:15]} Kh6 {[%clk 0:00:08]} 61. Rb5
{[%clk 0:00:15]} Rf7+ {[%clk 0:00:07]} 62. Ke2 {[%clk 0:00:16]} Rd4
{[%clk 0:00:08]} 63. Ra3 {[%clk 0:00:16]} Re7+ {[%clk 0:00:07]} 64. Kf3
{[%clk 0:00:16]} Rf7+ {[%clk 0:00:09]} 65. Ke3 {[%clk 0:00:17]} Rff4
{[%clk 0:00:10]} 66. a5 {[%clk 0:00:17]} Rfe4+ {[%clk 0:00:10]} 67. Kf3
{[%clk 0:00:18]} Rf4+ {[%clk 0:00:12]} 68. Ke3 {[%clk 0:00:20]} Ra4
{[%clk 0:00:13]} 69. Rbb3 {[%clk 0:00:19]} Rh4 {[%clk 0:00:14]} 70. Kf2
{[%clk 0:00:17]} Rh2+ {[%clk 0:00:15]} 71. Kg1 {[%clk 0:00:18]} Ra2
{[%clk 0:00:17]} 72. Rxa4 {[%clk 0:00:18]} Rxa4 {[%clk 0:00:18]} 73. Rb5
{[%clk 0:00:20]} h4 {[%clk 0:00:18]} 74. Kg2 Ra3 75. Rc5 {[%clk 0:00:22]} g5
{[%clk 0:00:21]} 76. Rc6+ {[%clk 0:00:08]} Kh5 {[%clk 0:00:21]} 77. a6
{[%clk 0:00:09]} h3+ {[%clk 0:00:15]} 78. Kh2 Kh4 79. Rh6+ {[%clk 0:00:06]} Kg4
{[%clk 0:00:18]} 80. Rb6 {[%clk 0:00:07]} Ra2+ {[%clk 0:00:18]} 81. Kh1
{[%clk 0:00:08]} Kh4 {[%clk 0:00:19]} 82. Rb4+ {[%clk 0:00:03]} g4
{[%clk 0:00:20]} 83. Rb6 {[%clk 0:00:05]} Ra1+ {[%clk 0:00:20]} 0-1

[Event "Blitz 2018"]
[Site "Saint-Petersburg"]
[Date "2018.12.29"]
[Round "5"]
[Board "66"]
[White "Grigoriants Sergey (RUS)"]
[Black "Bocharov Dmitry (RUS)"]
[Result "0-1"]
[LiveChessVersion "1.4.8"]
[BlackElo "2517"]
[WhiteElo "2626"]

1. e4 {[%clk 0:03:02]} c5 {[%clk 0:03:03]} 2. Nf3 {[%clk 0:03:01]} d6
{[%clk 0:03:05]} 3. Bb5+ {[%clk 0:02:55]} Nd7 {[%clk 0:03:03]} 4. O-O
{[%clk 0:02:54]} a6 {[%clk 0:03:02]} 5. Bd3 {[%clk 0:02:49]} Ngf6
{[%clk 0:02:51]} 6. Re1 {[%clk 0:02:31]} b5 {[%clk 0:02:49]} 7. c4
{[%clk 0:02:29]} g5 {[%clk 0:02:49]} 8. Nxg5 {[%clk 0:01:43]} Ne5
{[%clk 0:02:49]} 9. Be2 {[%clk 0:01:42]} bxc4 {[%clk 0:02:31]} 10. Nf3
{[%clk 0:01:35]} Nd3 {[%clk 0:02:13]} 11. Bxd3 {[%clk 0:01:26]} cxd3
{[%clk 0:02:13]} 12. Qb3 {[%clk 0:01:23]} Rg8 {[%clk 0:01:56]} 13. Qxd3
{[%clk 0:01:23]} Qd7 {[%clk 0:01:45]} 14. Nc3 {[%clk 0:00:45]} Nh5
{[%clk 0:01:14]} 15. g3 {[%clk 0:00:30]} Nf4 {[%clk 0:01:09]} 16. Qf1
{[%clk 0:00:29]} Qg4 {[%clk 0:01:04]} 17. Re3 {[%clk 0:00:29]} Bh6
{[%clk 0:01:00]} 18. d4 {[%clk 0:00:19]} Nh3+ {[%clk 0:00:53]} 19. Kg2
{[%clk 0:00:20]} Bxe3 {[%clk 0:00:49]} 20. Bxe3 {[%clk 0:00:21]} Qh5
{[%clk 0:00:49]} 21. Nd5 {[%clk 0:00:15]} Bg4 {[%clk 0:00:43]} 22. Nd2
{[%clk 0:00:16]} Ng5 {[%clk 0:00:39]} 23. Nf4 {[%clk 0:00:13]} Bh3+
{[%clk 0:00:33]} 24. Nxh3 {[%clk 0:00:03]} Qxh3+ {[%clk 0:00:33]} 25. Kg1
{[%clk 0:00:05]} cxd4 {[%clk 0:00:30]} 26. Bxd4 {[%clk 0:00:06]} Qxf1+
{[%clk 0:00:26]} 27. Kxf1 {[%clk 0:00:07]} Rc8 {[%clk 0:00:26]} 28. Ke2
{[%clk 0:00:04]} Kd7 {[%clk 0:00:23]} 29. Bc3 {[%clk 0:00:05]} Ne6
{[%clk 0:00:22]} 30. f4 {[%clk 0:00:05]} h5 {[%clk 0:00:21]} 31. Nf3
{[%clk 0:00:06]} Nc5 {[%clk 0:00:22]} 32. Ke3 {[%clk 0:00:07]} Na4
{[%clk 0:00:21]} 33. Bd4 {[%clk 0:00:04]} Rc2 {[%clk 0:00:21]} 34. b3
{[%clk 0:00:05]} Nc5 {[%clk 0:00:21]} 35. Rd1 {[%clk 0:00:05]} Ne6
{[%clk 0:00:20]} 36. Rd2 {[%clk 0:00:03]} Nxd4 {[%clk 0:00:13]} 37. Nxd4
{[%clk 0:00:04]} Rxd2 38. Kxd2 {[%clk 0:00:05]} h4 {[%clk 0:00:15]} 39. Ne2
{[%clk 0:00:04]} hxg3 {[%clk 0:00:16]} 40. hxg3 {[%clk 0:00:05]} Rh8
{[%clk 0:00:17]} 41. b4 {[%clk 0:00:04]} Rh1 {[%clk 0:00:17]} 42. a4
{[%clk 0:00:04]} Rb1 {[%clk 0:00:15]} 43. Kc3 {[%clk 0:00:05]} Ra1
{[%clk 0:00:16]} 44. Kb3 {[%clk 0:00:05]} Re1 {[%clk 0:00:16]} 45. Nc3
{[%clk 0:00:03]} Rg1 {[%clk 0:00:16]} 46. b5 {[%clk 0:00:03]} axb5
{[%clk 0:00:17]} 47. axb5 {[%clk 0:00:04]} Rxg3 {[%clk 0:00:17]} 48. Kc4
{[%clk 0:00:05]} e6 {[%clk 0:00:17]} 49. f5 {[%clk 0:00:05]} Kc7 {[%clk 0:00:10]}
50. fxe6 {[%clk 0:00:05]} fxe6 {[%clk 0:00:12]} 51. Ne2 {[%clk 0:00:06]} Re3
{[%clk 0:00:12]} 52. Nc3 {[%clk 0:00:05]} Kb6 {[%clk 0:00:12]} 53. Na4+
{[%clk 0:00:04]} Ka5 {[%clk 0:00:13]} 54. b6 {[%clk 0:00:05]} Kxa4
{[%clk 0:00:11]} 55. Kd4 0-1

[Event "Blitz 2018"]
[Site "Saint-Petersburg"]
[Date "2018.12.29"]
[Round "5"]
[Board "67"]
[White "Reshetnikov Alexey (RUS)"]
[Black "Rakhmanov Aleksandr (RUS)"]
[Result "1/2-1/2"]
[LiveChessVersion "1.4.8"]
[BlackElo "2615"]
[WhiteElo "2473"]

1. b3 {[%clk 0:03:03]} Nf6 {[%clk 0:03:03]} 2. Bb2 {[%clk 0:03:05]} e6
{[%clk 0:03:03]} 3. c4 {[%clk 0:03:05]} b6 {[%clk 0:03:04]} 4. e3
{[%clk 0:03:06]} Bb7 {[%clk 0:03:05]} 5. Nf3 {[%clk 0:03:08]} g6 {[%clk 0:03:06]}
6. Be2 {[%clk 0:03:09]} Bg7 {[%clk 0:03:08]} 7. O-O {[%clk 0:03:09]} O-O
{[%clk 0:03:08]} 8. d3 {[%clk 0:03:06]} d6 {[%clk 0:03:09]} 9. Nbd2
{[%clk 0:02:56]} Nbd7 {[%clk 0:03:10]} 10. a3 {[%clk 0:02:59]} Qe7
{[%clk 0:03:13]} 11. b4 {[%clk 0:02:58]} e5 {[%clk 0:03:12]} 12. Qc2
{[%clk 0:02:53]} e4 {[%clk 0:03:12]} 13. dxe4 {[%clk 0:02:52]} Nxe4
{[%clk 0:03:13]} 14. Bxg7 {[%clk 0:02:52]} Kxg7 {[%clk 0:03:13]} 15. Nxe4
{[%clk 0:02:45]} Bxe4 {[%clk 0:03:12]} 16. Qb2+ {[%clk 0:02:47]} Qf6
{[%clk 0:03:10]} 17. Qxf6+ {[%clk 0:02:38]} Kxf6 {[%clk 0:03:10]} 18. Nd4
{[%clk 0:02:38]} a6 {[%clk 0:03:01]} 19. f3 {[%clk 0:02:37]} Bb7 {[%clk 0:03:02]}
20. Rfd1 {[%clk 0:02:37]} Ke7 {[%clk 0:02:59]} 21. Kf2 {[%clk 0:02:38]} f5
{[%clk 0:02:58]} 22. Rac1 {[%clk 0:02:31]} c5 {[%clk 0:02:41]} 23. Nb3
{[%clk 0:02:07]} Bc6 {[%clk 0:02:42]} 24. Rd3 {[%clk 0:01:49]} Ba4
{[%clk 0:02:39]} 25. Nd2 {[%clk 0:01:50]} Ne5 {[%clk 0:02:36]} 26. Rdc3
{[%clk 0:01:50]} Rfc8 {[%clk 0:02:29]} 27. f4 {[%clk 0:01:49]} Nd7
{[%clk 0:02:28]} 28. Bf3 {[%clk 0:01:48]} Rab8 {[%clk 0:02:20]} 29. e4
{[%clk 0:01:49]} b5 {[%clk 0:02:21]} 30. exf5 {[%clk 0:01:43]} gxf5
{[%clk 0:02:22]} 31. Re1+ {[%clk 0:01:41]} Kf6 {[%clk 0:02:16]} 32. Rce3
{[%clk 0:01:30]} Nf8 {[%clk 0:02:11]} 33. bxc5 {[%clk 0:01:00]} Rxc5
{[%clk 0:02:08]} 34. Rd3 {[%clk 0:00:57]} Rd8 {[%clk 0:01:59]} 35. cxb5
{[%clk 0:00:58]} Bxb5 {[%clk 0:01:56]} 36. Rd5 {[%clk 0:00:58]} Rxd5
{[%clk 0:01:53]} 37. Bxd5 {[%clk 0:00:58]} Rc8 {[%clk 0:01:54]} 38. Nf3
{[%clk 0:00:47]} Rc5 {[%clk 0:01:50]} 39. Bb3 {[%clk 0:00:43]} Rc3
{[%clk 0:01:43]} 40. Re3 {[%clk 0:00:44]} Rc1 {[%clk 0:01:25]} 41. Nd4
{[%clk 0:00:43]} Bc4 {[%clk 0:01:27]} 42. Ne2 {[%clk 0:00:24]} Ke5 1/2-1/2

[Event "Blitz 2018"]
[Site "Saint-Petersburg"]
[Date "2018.12.29"]
[Round "5"]
[Board "68"]
[White "Gordievsky Dmitry (RUS)"]
[Black "Zubritskiy Artyom (RUS)"]
[Result "1-0"]
[LiveChessVersion "1.4.8"]
[BlackElo "2513"]
[WhiteElo "2591"]

1. Nf3 {[%clk 0:03:03]} Nf6 {[%clk 0:03:03]} 2. g3 {[%clk 0:03:03]} b6
{[%clk 0:03:05]} 3. Bg2 {[%clk 0:03:04]} Bb7 {[%clk 0:03:06]} 4. O-O
{[%clk 0:03:03]} c5 {[%clk 0:03:07]} 5. d3 {[%clk 0:03:03]} d5 {[%clk 0:03:00]}
6. e4 {[%clk 0:02:45]} dxe4 {[%clk 0:03:00]} 7. Nfd2 {[%clk 0:02:46]} e6
{[%clk 0:02:40]} 8. Nc3 {[%clk 0:02:46]} Nc6 {[%clk 0:02:36]} 9. dxe4
{[%clk 0:02:39]} Be7 {[%clk 0:02:33]} 10. e5 {[%clk 0:02:38]} Nd5
{[%clk 0:02:24]} 11. Nxd5 {[%clk 0:02:32]} exd5 {[%clk 0:02:26]} 12. Re1
{[%clk 0:02:31]} O-O {[%clk 0:02:25]} 13. c3 {[%clk 0:02:27]} Qd7
{[%clk 0:02:20]} 14. Nc4 {[%clk 0:02:23]} Rad8 {[%clk 0:02:20]} 15. Na3
{[%clk 0:02:05]} Rfe8 {[%clk 0:02:15]} 16. Bf4 {[%clk 0:02:05]} Qe6
{[%clk 0:01:26]} 17. Nb5 {[%clk 0:02:01]} Qc8 {[%clk 0:00:26]} 18. e6
{[%clk 0:01:55]} fxe6 {[%clk 0:00:22]} 19. Bh3 {[%clk 0:01:56]} Bf6
{[%clk 0:00:19]} 20. Nc7 {[%clk 0:01:20]} g5 {[%clk 0:00:17]} 21. Nxe8
{[%clk 0:01:00]} Rxe8 {[%clk 0:00:19]} 22. Bd2 {[%clk 0:00:46]} Kh8
{[%clk 0:00:07]} 23. Qh5 {[%clk 0:00:46]} Qd7 {[%clk 0:00:04]} 24. Bxg5
{[%clk 0:00:44]} Bg7 {[%clk 0:00:05]} 25. Bh6 {[%clk 0:00:36]} d4
{[%clk 0:00:06]} 26. Bxg7+ {[%clk 0:00:24]} Kxg7 {[%clk 0:00:07]} 27. Qg5+
{[%clk 0:00:18]} Kf7 {[%clk 0:00:09]} 28. Bg4 {[%clk 0:00:17]} Rg8
{[%clk 0:00:04]} 29. Bh5+ {[%clk 0:00:17]} Kf8 {[%clk 0:00:04]} 30. Qf6+
{[%clk 0:00:18]} 1-0